Home extensions (Record no. 105071)
[ view plain ]
| 000 -LEADER | |
|---|---|
| fixed length control field | 01149cam a2200217 4500 |
| 001 - CONTROL NUMBER | |
| control field | ##L132248 |
| 008 - FIXED-LENGTH DATA ELEMENTS--GENERAL INFORMATION | |
| fixed length control field | 060120n2000 000 0 eng u |
| 020 ## - INTERNATIONAL STANDARD BOOK NUMBER | |
| International Standard Book Number | 1861262914 |
| 035 ## - SYSTEM CONTROL NUMBER | |
| System control number | (Sirsi) u132248 |
| 041 0# - LANGUAGE CODE | |
| Language code of text/sound track or separate title | eng |
| 050 04 - LIBRARY OF CONGRESS CALL NUMBER | |
| Classification number | 690.231 $2 18 |
| 100 1# - MAIN ENTRY--PERSONAL NAME | |
| Personal name | Williamson, Laurie |
| 245 00 - TITLE STATEMENT | |
| Title | Home extensions |
| Remainder of title | planning, managing and completing your extension |
| 260 ## - PUBLICATION, DISTRIBUTION, ETC. | |
| Place of publication, distribution, etc. | Marlborough |
| Name of publisher, distributor, etc. | Crowood Press |
| Date of publication, distribution, etc. | 2000 |
| 300 ## - PHYSICAL DESCRIPTION | |
| Extent | 160p |
| Other physical details | ill |
| Dimensions | 26cm. |
| 350 ## - PRICE (NR) (BK AM CF MU VM SE) [OBSOLETE] | |
| Price | 11 88 |
| 505 2# - FORMATTED CONTENTS NOTE | |
| Formatted contents note | Making plans -- Preparations -- Getting started -- Drainage works -- Phase 1 - building (foundations) -- Phase 2 - building (cavity walls) -- Phase 3 - roofing 1 (flat roofs) -- Phase 4 - roofing 2 (pitched roofs) -- Phase 5 - building (internal works) -- First fixing -- Phase 6 - building (plastering) -- Second fixing. |
| 520 ## - SUMMARY, ETC. | |
| Summary, etc. | An illustrated step-by-step guide designed to assist those planning a new building project. Contains all the important points of good building practice that must be observed during the construction works to ensure that the quality of work is to an acceptable standard. |
| 690 ## - LOCAL SUBJECT ADDED ENTRY--TOPICAL TERM (OCLC, RLIN) | |
| Topical term or geographic name as entry element | Construction management |
| 9 (RLIN) | 6230 |
| 942 ## - ADDED ENTRY ELEMENTS (KOHA) | |
| Suppress in OPAC | 0 |
| Withdrawn status | Lost status | Source of classification or shelving scheme | Damaged status | Not for loan | Home library | Current library | Shelving location | Date acquired | Total Checkouts | Full call number | Barcode | Date last seen | Date last checked out | Copy number | Price effective from | Koha item type |
|---|---|---|---|---|---|---|---|---|---|---|---|---|---|---|---|---|
| Dewey Decimal Classification | London | London | Books | 01/06/2006 | 15 | 690.231 WIL | 30072771 | 06/08/2019 | 26/03/2015 | 1 | 06/08/2019 | Book |